[Event "Pyramiden Cup 2015"]
[Site "Fuerth"]
[Date "2015.09.04"]
[Round "4.26"]
[White "Bildt, Thomas"]
[Black "Middelhoff, Cornelius"]
[Result "0-1"]
[WhiteElo "2000"]
[BlackElo "2114"]
[PlyCount "38"]
[EventDate "2015.??.??"]
[WhiteTeam "SK Zirndorf"]
[BlackTeam "TSG Apolda"]

1. e4 c5 2. Nc3 Nc6 3. f4 e6 4. Nf3 a6 5. g3 d5 6. exd5 exd5 7. Bg2 Nf6 8. O-O
Be7 9. Ne5 O-O 10. d3 d4 11. Nxc6 bxc6 12. Bxc6 dxc3 13. Bxa8 Qd4+ 14. Kh1 cxb2
15. Bxb2 Qxb2 16. Re1 Bd6 17. Qb1 Qd4 18. Bf3 Ng4 19. h4 Qf2 0-1

[Event "Pyramiden Cup 2015"]
[Site "Fuerth"]
[Date "2015.09.04"]
[Round "4.27"]
[White "Schrems, Hermann"]
[Black "Herold, Hansjoerg"]
[Result "1/2-1/2"]
[WhiteElo "2098"]
[BlackElo "2003"]
[PlyCount "95"]
[EventDate "2015.??.??"]
[WhiteTeam "SC Emmendingen"]
[BlackTeam "SV Böckingen"]

1. d4 Nf6 2. c4 c5 3. d5 e6 4. Nc3 exd5 5. cxd5 d6 6. g3 g6 7. Bg2 Bg7 8. Nf3
O-O 9. O-O Re8 10. Nd2 a6 11. a4 Nbd7 12. h3 Rb8 13. Nc4 Ne5 14. Na3 Qc7 15. f4
Ned7 16. e4 Nh5 17. Kh2 Bxc3 18. bxc3 b5 19. axb5 axb5 20. Nc2 Bb7 21. Ne3 Ra8
22. Rb1 Ra2 23. Rb2 Rea8 24. Rff2 Rxb2 25. Rxb2 Qa5 26. Bd2 Bc8 27. Qb1 Ba6 28.
Nc2 Nhf6 29. Ra2 Qb6 30. Qa1 Ne8 31. Be3 Qb7 32. e5 Qc8 33. Bf2 Bb7 34. e6 Nb6
35. exf7+ Kxf7 36. Ne3 Rxa2 37. Qxa2 Qa8 38. Qe2 Nc7 39. f5 Qe8 40. Qf3 Kg7 41.
Qf4 Qe5 42. Qxe5+ dxe5 43. fxg6 hxg6 44. Ng4 Bxd5 45. Nxe5 Bxg2 46. Kxg2 Na4
47. Nd3 c4 48. Nb4 1/2-1/2

[Event "Pyramiden Cup 2015"]
[Site "Fuerth"]
[Date "2015.09.04"]
[Round "4.28"]
[White "Lutter, Maximilian"]
[Black "Lechermann, Markus"]
[Result "1-0"]
[WhiteElo "1776"]
[BlackElo "2042"]
[PlyCount "59"]
[EventDate "2015.??.??"]
[WhiteTeam "SK Neumarkt"]
[BlackTeam "MTV Ingolstadt"]

1. d4 Nf6 2. Nf3 g6 3. Bg5 Bg7 4. Nbd2 d5 5. e3 O-O 6. Bd3 Nbd7 7. O-O c5 8. c3
Re8 9. e4 dxe4 10. Nxe4 Nxe4 11. Bxe4 Nf6 12. Bc2 cxd4 13. Qxd4 Qxd4 14. Nxd4
Bd7 15. Rfe1 h6 16. Bf4 Nd5 17. Be5 f6 18. Bg3 e5 19. Bb3 Bc6 20. Nxc6 bxc6 21.
Rad1 Rab8 22. f3 Kh7 23. Bf2 Rb7 24. Re2 Reb8 25. Bc5 a5 26. Bd6 Rd8 27. Ba3
Nxc3 28. bxc3 Rxd1+ 29. Bxd1 Rb1 30. Rd2 1-0

[Event "Pyramiden Cup 2015"]
[Site "Fuerth"]
[Date "2015.09.04"]
[Round "4.29"]
[White "Eck, Mathias"]
[Black "Li, Simon"]
[Result "1/2-1/2"]
[WhiteElo "2085"]
[BlackElo "2013"]
[PlyCount "59"]
[EventDate "2015.??.??"]
[WhiteTeam "SFDarmstadt"]
[BlackTeam "SK Schweinfurt"]

1. c4 c5 2. Nc3 Nf6 3. e4 Nc6 4. g3 g6 5. Bg2 Bg7 6. Nge2 d6 7. O-O O-O 8. d3
Rb8 9. a3 a6 10. Rb1 b5 11. cxb5 axb5 12. b4 cxb4 13. axb4 Ne8 14. Bg5 Nc7 15.
Qc1 Ne6 16. Bh6 Ncd4 17. Bxg7 Kxg7 18. Nxd4 Nxd4 19. Qb2 e5 20. Ne2 Nxe2+ 21.
Qxe2 Be6 22. Qb2 Ra8 23. d4 Ra2 24. Qc3 Qc8 25. Qe3 Qc2 26. d5 Bg4 27. Rfc1 Qd2
28. Qxd2 Rxd2 29. f3 Bd7 30. Rc7 1/2-1/2

[Event "Pyramiden Cup 2015"]
[Site "Fuerth"]
[Date "2015.09.04"]
[Round "4.31"]
[White "Suess, Stefan"]
[Black "Wagner, Leopold Franziskus"]
[Result "1-0"]
[WhiteElo "2004"]
[BlackElo "1945"]
[PlyCount "150"]
[EventDate "2015.??.??"]
[WhiteTeam "SC NT Nürnberg"]
[BlackTeam "BSG Grün-Weiß Leipzig"]

1. Nf3 Nf6 2. c4 c5 3. g3 g6 4. b3 Bg7 5. Bb2 O-O 6. Bg2 d6 7. O-O Nc6 8. Nc3
Bd7 9. d4 cxd4 10. Nxd4 Nxd4 11. Qxd4 Bc6 12. Nd5 Bxd5 13. Bxd5 Ne8 14. Qd2
Bxb2 15. Qxb2 Qc7 16. Rfd1 Nf6 17. Bf3 Rfd8 18. Rac1 Rac8 19. Qd2 b6 20. Qh6
Qd7 21. Rd4 Qe8 22. Rcd1 Qf8 23. Qd2 Rc7 24. Kg2 Rdc8 25. h4 Qg7 26. Qe3 h6 27.
a4 a5 28. R4d3 Rb8 29. Rb1 Qf8 30. Rc3 Nd7 31. h5 g5 32. Be4 f5 33. Bc2 Qf6 34.
Rd3 Qe5 35. f4 Qxe3 36. Rxe3 gxf4 37. gxf4 Nf6 38. Rh1 Ng4 39. Rg3 e6 40. e4
Rg7 41. Kf3 fxe4+ 42. Bxe4 Nf6 43. Bg6 d5 44. Rhg1 Kh8 45. cxd5 exd5 46. Re1
Rc8 47. Kg2 Ne4 48. Bxe4 Rxg3+ 49. Kxg3 dxe4 50. Kg4 Rc3 51. Rxe4 Rxb3 52. Kf5
Kg7 53. Re7+ Kf8 54. Kf6 Rc3 55. f5 Rc4 56. Re6 Rc7 57. Rxb6 Rf7+ 58. Kg6 Rg7+
59. Kxh6 Rg4 60. Rg6 Rxa4 61. Kg5 Ra1 62. Ra6 a4 63. h6 Kg8 64. Ra7 a3 65. Kf6
a2 66. Rg7+ Kh8 67. Rg2 Kh7 68. Kg5 Kg8 69. Kg6 Kh8 70. f6 Rb1 71. Rxa2 Rb8 72.
Ra7 Rf8 73. Rh7+ Kg8 74. f7+ Rxf7 75. Rxf7 Kh8 1-0

[Event "Pyramiden Cup 2015"]
[Site "Fuerth"]
[Date "2015.09.04"]
[Round "4.32"]
[White "Weber, Samuel"]
[Black "Berger, Stefan"]
[Result "1-0"]
[WhiteElo "1936"]
[BlackElo "1996"]
[PlyCount "89"]
[EventDate "2015.??.??"]
[WhiteTeam "SC Flörsheim"]
[BlackTeam "Schweiz"]
[BlackTeamCountry "SUI"]

1. e4 Nf6 2. Nc3 d5 3. e5 Nfd7 4. f4 e6 5. Nf3 c5 6. Be2 Nc6 7. O-O a6 8. a4
Be7 9. Qe1 O-O 10. Qg3 f5 11. Nd1 Kh8 12. Nf2 c4 13. Nh3 Nc5 14. d3 cxd3 15.
cxd3 Nb3 16. Be3 Nxa1 17. Rxa1 h6 18. Qg6 Qe8 19. Qg3 Bd7 20. Nh4 Bxh4 21. Qxh4
Qd8 22. Ng5 Kg8 23. Nf3 Qxh4 24. Nxh4 Rfc8 25. Nf3 Nb4 26. Bd2 a5 27. Bc3 b5
28. Nd4 bxa4 29. h3 Kf7 30. g4 g6 31. Kh2 Rc7 32. Kg3 Rac8 33. Ra3 Rc5 34. Kf2
Ke7 35. Kf3 Rf8 36. Ke3 g5 37. gxf5 gxf4+ 38. Kxf4 exf5 39. e6 Be8 40. Be1 Kd6
41. Bc3 Rc7 42. Ra1 Rg8 43. Re1 Rc5 44. Nxf5+ Kc6 45. Ne7+ 1-0

[Event "Pyramiden Cup 2015"]
[Site "Fuerth"]
[Date "2015.09.04"]
[Round "4.33"]
[White "Guggenberger, Guido"]
[Black "Weber, Alexander"]
[Result "1/2-1/2"]
[WhiteElo "2019"]
[BlackElo "1801"]
[PlyCount "80"]
[EventDate "2015.??.??"]
[WhiteTeam "TV Tegernsee"]
[BlackTeam "SC Erlangen"]

1. d4 Nf6 2. c4 e6 3. g3 Bb4+ 4. Bd2 Be7 5. Bg2 d5 6. Nf3 O-O 7. O-O Ne4 8. Nc3
Nxd2 9. Qxd2 dxc4 10. Rfd1 c6 11. Ne5 Bg5 12. f4 Be7 13. Nxc4 Nd7 14. Kh1 Qc7
15. Rac1 Nb6 16. b3 Nxc4 17. bxc4 Ba3 18. Rc2 Qa5 19. Qd3 Rd8 20. Qf3 Bd7 21.
Ne4 c5 22. Rcd2 Ba4 23. Rb1 Bc6 24. d5 exd5 25. cxd5 Rxd5 26. Rxd5 Bxd5 27.
Nf6+ gxf6 28. Qxd5 Rd8 29. Qh5 Qa4 30. Bd5 Rxd5 31. Qxd5 b6 32. Rd1 Bb2 33. e3
Bd4 34. Qf3 Bc3 35. Rd8+ Kg7 36. e4 Qc2 37. Qg4+ Kh6 38. Qh4+ Kg7 39. Qg4+ Kh6
40. Qh4+ Kg7 1/2-1/2

[Event "Pyramiden Cup 2015"]
[Site "Fuerth"]
[Date "2015.09.04"]
[Round "4.34"]
[White "Roeckl, Adelbert"]
[Black "Woerl, Richard"]
[Result "0-1"]
[WhiteElo "1587"]
[BlackElo "2047"]
[PlyCount "72"]
[EventDate "2015.??.??"]
[WhiteTeam "Zabo-Eintracht Nbg"]
[BlackTeam "SW Nürnberg Süd"]

1. d4 Nf6 2. Nc3 e6 3. e4 d5 4. Bg5 Be7 5. e5 Nfd7 6. Bxe7 Qxe7 7. Qg4 f5 8.
Qh5+ g6 9. Qh6 a6 10. Nf3 c5 11. O-O-O cxd4 12. Nxd4 Nxe5 13. f3 Bd7 14. Be2
Nbc6 15. Rhe1 Qf6 16. Qd2 O-O 17. Bf1 b5 18. f4 Nc4 19. Bxc4 bxc4 20. Qe3 Nxd4
21. Qxd4 Qxd4 22. Rxd4 Kf7 23. h3 Bc6 24. g4 Kf6 25. g5+ Kf7 26. h4 Rae8 27.
Kd2 h6 28. Kc1 hxg5 29. fxg5 e5 30. Rd2 d4 31. Nb1 Rh8 32. Rh2 e4 33. Nd2 Bd5
34. Nf1 f4 35. Rd1 d3 36. c3 e3 0-1

[Event "Pyramiden Cup 2015"]
[Site "Fuerth"]
[Date "2015.09.04"]
[Round "4.35"]
[White "Hoermann, Gunther"]
[Black "Abicht, Ruediger"]
[Result "1-0"]
[WhiteElo "2092"]
[BlackElo "1811"]
[PlyCount "83"]
[EventDate "2015.??.??"]
[WhiteTeam "TSV Cadolzburg"]
[BlackTeam "ESV Lok Döbeln"]

1. d4 d6 2. Nf3 g6 3. c4 Bg7 4. Nc3 e6 5. g3 Ne7 6. Bg2 O-O 7. O-O c6 8. Bf4
Na6 9. Qd2 Nc7 10. Rac1 f6 11. h4 e5 12. Be3 Be6 13. b3 Nf5 14. Rfd1 Nxe3 15.
Qxe3 Qe7 16. dxe5 dxe5 17. Rc2 Rfd8 18. Rcd2 Rxd2 19. Rxd2 Bf8 20. Ne4 Ne8 21.
Ne1 b6 22. Nc3 Rc8 23. Nd3 Nd6 24. Qf3 Bg7 25. e3 f5 26. c5 bxc5 27. Nxc5 e4
28. Qd1 Bxc3 29. Rxd6 Bd5 30. Rxd5 cxd5 31. Qxd5+ Qf7 32. Ne6 Bf6 33. Bf1 Kh8
34. Bc4 Qe7 35. a4 Rb8 36. a5 Rc8 37. a6 Rb8 38. Kg2 h5 39. Nf4 Kg7 40. Qc6 Rb6
41. Qa8 Kh6 42. Nd5 1-0

[Event "Pyramiden Cup 2015"]
[Site "Fuerth"]
[Date "2015.09.04"]
[Round "4.36"]
[White "Gerl, Hans"]
[Black "Pfadenhauer, Johannes"]
[Result "0-1"]
[WhiteElo "1968"]
[BlackElo "2067"]
[PlyCount "144"]
[EventDate "2015.??.??"]
[WhiteTeam "SK Zirndorf"]
[BlackTeam "TSV Bindlach"]

1. d4 Nf6 2. c4 c6 3. Nc3 d5 4. e3 g6 5. Nf3 Bg7 6. Bd3 O-O 7. O-O Bg4 8. h3
Bxf3 9. Qxf3 e6 10. b3 Nbd7 11. cxd5 exd5 12. Bb2 Re8 13. Rfc1 Qe7 14. Qd1 Ne4
15. Bxe4 dxe4 16. d5 Rad8 17. Qc2 Qh4 18. dxc6 bxc6 19. Na4 Ne5 20. Bxe5 Rxe5
21. Rd1 Red5 22. Rac1 Qe7 23. Rxd5 cxd5 24. Nc5 Rc8 25. b4 d4 26. exd4 Bxd4 27.
Qc4 Qe5 28. Re1 e3 29. fxe3 Qg3 30. Re2 Bxe3+ 31. Kf1 Rc6 32. Qc3 Qf4+ 33. Ke1
Qg3+ 34. Kd1 Qd6+ 35. Ke1 Bd4 36. Re8+ Kg7 37. Qd2 Bxc5 38. bxc5 Qxc5 39. Qb2+
Kh6 40. Qd2+ Kg7 41. Qb2+ f6 42. Kf1 Rb6 43. Qd2 Rb1+ 44. Re1 Rxe1+ 45. Qxe1
Qc4+ 46. Kg1 Qxa2 47. Qe7+ Qf7 48. Qc5 Qb7 49. Kh2 Qd7 50. h4 Kf7 51. h5 g5 52.
g3 Qe7 53. Qc2 Kg7 54. g4 Qe5+ 55. Kh3 a5 56. Qc6 Qe3+ 57. Kg2 Qe2+ 58. Kg3
Qe1+ 59. Kg2 Qd2+ 60. Kh3 Qe3+ 61. Kg2 Qa7 62. Qa4 Qb7+ 63. Kg3 Qd5 64. Qc2 Qd4
65. Kh3 Qe3+ 66. Kg2 Qf4 67. Qe2 Kf7 68. Kh3 a4 69. Qd3 Kg7 70. Qd7+ Kh6 71.
Qd3 Qb4 72. Qd5 Qb3+ 0-1

[Event "Pyramiden Cup 2015"]
[Site "Fuerth"]
[Date "2015.09.04"]
[Round "4.37"]
[White "Suess, Helmut"]
[Black "Wittmann, Helmut"]
[Result "1/2-1/2"]
[WhiteElo "1959"]
[BlackElo "2106"]
[PlyCount "37"]
[EventDate "2015.??.??"]
[WhiteTeam "SC NT Nürnberg"]
[BlackTeam "BSG Wöhrlhaus"]

1. d4 e6 2. c4 Bb4+ 3. Bd2 Be7 4. Nc3 d5 5. Nf3 c5 6. cxd5 exd5 7. e3 Nc6 8.
Bb5 Nf6 9. Ne5 O-O 10. Bxc6 bxc6 11. Nxc6 Qc7 12. Nxe7+ Qxe7 13. O-O Rb8 14.
dxc5 Qxc5 15. h3 Rd8 16. Rc1 Qc4 17. Qa4 Rxb2 18. Qa5 Rb6 19. Na4 1/2-1/2

[Event "Pyramiden Cup 2015"]
[Site "Fuerth"]
[Date "2015.09.04"]
[Round "4.38"]
[White "Nagel, Felix"]
[Black "Willim, Michael"]
[Result "0-1"]
[WhiteElo "1784"]
[BlackElo "2100"]
[PlyCount "92"]
[EventDate "2015.??.??"]
[WhiteTeam "SC And Nbg"]
[BlackTeam "SC Erlangen"]

1. d4 g6 2. c4 Bg7 3. Nc3 d6 4. e4 e5 5. Nge2 Nc6 6. d5 Nce7 7. Be3 f5 8. f3
Nf6 9. Qd2 f4 10. Bf2 a6 11. g3 g5 12. Rg1 O-O 13. gxf4 gxf4 14. Nc1 c6 15. Bh4
Ng6 16. Bg5 Qb6 17. Qg2 cxd5 18. Bxf6 Bxf6 19. Nxd5 Bh4+ 20. Kd1 Qd4+ 21. Kc2
Bh3 22. Nb3 Bxg2 23. Nxd4 Bxf1 24. Ne6 Be2 25. Nxf8 Kxf8 26. Nb6 Rd8 27. a4
Bxf3 28. Kd3 Bf2 29. Rgf1 Bxe4+ 30. Kxe4 Bxb6 31. b4 Kf7 32. Rad1 Bd4 33. Rf3
h5 34. Rc1 Ke6 35. Rc2 Ne7 36. Rh3 Ng8 37. Rg2 Nf6+ 38. Kd3 Ba7 39. Rg6 Kf5 40.
Rg7 e4+ 41. Ke2 f3+ 42. Kf1 Bd4 43. Rxb7 Kg4 44. Rg3+ Kf4 45. b5 e3 46. Re7 e2+
0-1

[Event "Pyramiden Cup 2015"]
[Site "Fuerth"]
[Date "2015.09.04"]
[Round "4.39"]
[White "Siewert, Wolfgang"]
[Black "Brunsch, Michael"]
[Result "0-1"]
[WhiteElo "1759"]
[BlackElo "2072"]
[PlyCount "108"]
[EventDate "2015.??.??"]
[WhiteTeam "vereinslos"]
[BlackTeam "SC Höchstadt/Aisch"]

1. e4 c5 2. Nf3 d6 3. d4 cxd4 4. Nxd4 Nf6 5. Nc3 g6 6. Be2 Bg7 7. O-O O-O 8.
Bg5 Nc6 9. Nb3 Be6 10. Kh1 Na5 11. Nxa5 Qxa5 12. f4 Rac8 13. Qe1 Rfe8 14. Rd1
Qb4 15. f5 Qxb2 16. fxe6 Qxc3 17. exf7+ Kxf7 18. Qf2 a6 19. Bd3 Kg8 20. Rb1 b5
21. a4 bxa4 22. Ra1 Rf8 23. Qa7 Ng4 24. Bh4 Qc7 25. Qxc7 Rxc7 26. Rxf8+ Kxf8
27. Rxa4 Ne5 28. Bg5 Nxd3 29. cxd3 Bf6 30. Be3 Rc3 31. g3 Rxd3 32. Bf2 Rd1+ 33.
Kg2 Ra1 34. Rc4 a5 35. Bd4 Ra2+ 36. Kh3 Bxd4 37. Rxd4 Kf7 38. Rd5 Ra4 39. e5
Ke6 40. exd6 exd6 41. Rb5 d5 42. Rb7 h5 43. Rg7 Kf6 44. Rd7 Rd4 45. Rd6+ Kf5
46. Ra6 a4 47. Ra5 g5 48. Ra8 Ke4 49. g4 h4 50. Rg8 a3 51. Rxg5 Ra4 52. Rf5 a2
53. Rf1 a1=Q 54. Kxh4 d4 0-1

[Event "Pyramiden Cup 2015"]
[Site "Fuerth"]
[Date "2015.09.04"]
[Round "4.40"]
[White "Colpe, Helge"]
[Black "Grabmeier, Johannes"]
[Result "0-1"]
[WhiteElo "2061"]
[BlackElo "1929"]
[PlyCount "134"]
[EventDate "2015.??.??"]
[WhiteTeam "Hamburger SK"]
[BlackTeam "SV Deggendorf"]

1. d4 c5 2. d5 f5 3. c4 Nf6 4. Nc3 g6 5. g3 d6 6. Bg2 Bg7 7. Nh3 Na6 8. O-O O-O
9. Nf4 Nc7 10. Qc2 Rb8 11. b3 a6 12. a4 Bd7 13. a5 b5 14. axb6 Rxb6 15. Bd2 g5
16. Nh3 h6 17. f4 g4 18. Nf2 Nfe8 19. Rab1 e6 20. dxe6 Bxe6 21. Nd5 Bxd5 22.
cxd5 Qd7 23. b4 cxb4 24. Bxb4 Nf6 25. Ba5 Rxb1 26. Rxb1 Nb5 27. Qd3 Ne8 28. Rc1
Bd4 29. e3 Bc5 30. Kh1 Qa7 31. Re1 Ng7 32. Nd1 Qd7 33. Nc3 h5 34. e4 Nxc3 35.
Bxc3 fxe4 36. Bxe4 Qb5 37. Qd2 Qc4 38. Bc2 h4 39. Ba1 hxg3 40. hxg3 Bb4 41. Qh2
Qxd5+ 42. Be4 Qh5 43. Rc1 Qxh2+ 44. Kxh2 Bc5 45. Rb1 Re8 46. Bd5+ Kf8 47. Bc4
a5 48. Bf6 Bb4 49. Rc1 Nh5 50. Bg5 Re3 51. Bh4 Be1 52. Bg5 Bxg3+ 53. Kg2 Nxf4+
54. Kh1 d5 55. Bb5 Re5 56. Bh6+ Kf7 57. Rc7+ Kg6 58. Rc6+ Kh5 59. Bxf4 Bxf4 60.
Kg2 d4 61. Bd3 Bd2 62. Rd6 Bc3 63. Rd8 Kg5 64. Rf8 Re1 65. Rf5+ Kh4 66. Rf4 Re3
67. Bg6 Kg5 0-1

[Event "Pyramiden Cup 2015"]
[Site "Fuerth"]
[Date "2015.09.04"]
[Round "4.41"]
[White "Roettinger, Eugen"]
[Black "Shen, Julian"]
[Result "1/2-1/2"]
[WhiteElo "2147"]
[BlackElo "1815"]
[PlyCount "50"]
[EventDate "2015.??.??"]
[WhiteTeam "SR Spaichingen"]
[BlackTeam "SK Rothenburg"]

1. b3 Nf6 2. Bb2 g6 3. f4 Bg7 4. Nf3 O-O 5. g3 d5 6. Bg2 c5 7. O-O Nc6 8. e3
Bg4 9. h3 Bxf3 10. Bxf3 Qd7 11. Kh2 e6 12. Qc1 Rfc8 13. d3 Rab8 14. Nd2 b5 15.
a4 a6 16. axb5 axb5 17. Ra2 Ra8 18. Ra1 Rab8 19. Be2 c4 20. Be5 Nxe5 21. fxe5
Ne8 22. d4 Bh6 23. Rf3 Ra8 24. b4 Qb7 25. Rb1 Ra7 1/2-1/2

[Event "Pyramiden Cup 2015"]
[Site "Fuerth"]
[Date "2015.09.04"]
[Round "4.42"]
[White "Schulz, Siegfried"]
[Black "Lange, Carsten"]
[Result "0-1"]
[WhiteElo "1928"]
[BlackElo "2055"]
[PlyCount "104"]
[EventDate "2015.??.??"]
[WhiteTeam "TSV Kirchenlaibach"]
[BlackTeam "SK Zirndorf"]

1. d4 Nf6 2. Nf3 g6 3. g3 d5 4. Bg2 Bg7 5. O-O O-O 6. Nbd2 Bf5 7. c3 c6 8. Re1
Nbd7 9. Nh4 Re8 10. Nxf5 gxf5 11. Nf3 Qb6 12. Qb3 e6 13. Qxb6 axb6 14. Nd2 b5
15. e3 Bf8 16. f3 Bd6 17. f4 Ra7 18. a3 Nb6 19. Rb1 Nc4 20. Nxc4 bxc4 21. Re2
Ra5 22. Rc2 Nd7 23. Bd2 Rb5 24. Re1 Nb6 25. Re2 Na4 26. Be1 Ra8 27. Bf3 Ra6 28.
Rg2 Kf8 29. g4 Rab6 30. gxf5 exf5 31. Bh4 Rxb2 32. Bf6 Rxc2 33. Rxc2 Rb2 34.
Rc1 Rb3 35. Bd1 Rxa3 36. Bxa4 Rxa4 37. Kg2 Ra3 38. Kf3 Rb3 39. Ra1 Ba3 40. Rg1
Rxc3 41. Bg7+ Ke7 42. Bh6 Bc1 43. Rg7 Bxe3 44. Bg5+ Ke6 45. Rxh7 Bxd4+ 46. Ke2
Re3+ 47. Kd2 c3+ 48. Kd1 Rf3 49. Rh6+ Kd7 50. h4 Rf1+ 51. Ke2 Rf2+ 52. Kd3 Rd2#
0-1

[Event "Pyramiden Cup 2015"]
[Site "Fuerth"]
[Date "2015.09.04"]
[Round "4.44"]
[White "Moenius, Oliver"]
[Black "Cipra, Lothar"]
[Result "0-1"]
[WhiteElo "1725"]
[BlackElo "2016"]
[PlyCount "112"]
[EventDate "2015.??.??"]
[WhiteTeam "SC Höchstadt/Aisch"]
[BlackTeam "SK Schwanstetten"]

1. d4 d5 2. e3 Nf6 3. Bd3 c5 4. c3 Nc6 5. f4 Bg4 6. Nf3 e6 7. O-O Be7 8. Nbd2
Rc8 9. Qe1 O-O 10. Ne5 Bf5 11. Nxc6 Rxc6 12. Be2 Rc8 13. h3 Ne4 14. Nxe4 Bxe4
15. Bf3 Bd3 16. Be2 Bh4 17. Qd1 Bxe2 18. Qxe2 f5 19. Bd2 Bf6 20. g3 a6 21. a4
c4 22. Qd1 Ra8 23. a5 b5 24. axb6 Qxb6 25. Ra2 Qb5 26. Qc2 Rfb8 27. Rfa1 a5 28.
Bc1 Bd8 29. Qa4 Qxa4 30. Rxa4 Rb3 31. R1a2 Ra7 32. Kg2 Rab7 33. Kf3 R3b5 34.
Ra1 Rb3 35. R4a2 h6 36. h4 R3b5 37. Ke2 g5 38. hxg5 hxg5 39. Kf3 Rh7 40. Kg2
Rh5 41. Bd2 Rb7 42. Rh1 Rxh1 43. Kxh1 Kg7 44. Kg2 Kg6 45. Bc1 Kh5 46. Kf3 Rb3
47. fxg5 Rb5 48. Kf4 Bc7+ 49. Kf3 Bd6 50. Ra1 Be7 51. Rb1 Rb8 52. Bd2 Kg6 53.
Rh1 Rxb2 54. Rh6+ Kxg5 55. e4+ Rxd2 56. Rxe6 dxe4+ 0-1

[Event "Pyramiden Cup 2015"]
[Site "Fuerth"]
[Date "2015.09.04"]
[Round "4.45"]
[White "Gradl, Winfried"]
[Black "Weber, Bernhard"]
[Result "1-0"]
[WhiteElo "1993"]
[BlackElo "1899"]
[PlyCount "117"]
[EventDate "2015.??.??"]
[WhiteTeam "TuS Fürstenfeldbruck"]
[BlackTeam "SG Siebengebirge"]

1. d4 d5 2. c4 e6 3. Nc3 Nf6 4. cxd5 exd5 5. Bg5 Nbd7 6. e3 Be7 7. Bd3 O-O 8.
Qc2 c6 9. Nf3 Re8 10. h3 Nf8 11. Bf4 Ne6 12. Bh2 g6 13. O-O Ng7 14. Rab1 Bf5
15. b4 a6 16. a4 Bxd3 17. Qxd3 Nf5 18. Rfd1 Nd6 19. b5 axb5 20. axb5 Ra3 21.
bxc6 bxc6 22. Ra1 Qa5 23. Rxa3 Qxa3 24. Nxd5 Qxd3 25. Nxf6+ Bxf6 26. Rxd3 Ne4
27. Be5 Ra8 28. Bxf6 Ra1+ 29. Kh2 Nxf2 30. Rb3 Rh1+ 31. Kg3 Ne4+ 32. Kf4 Nxf6
33. Ke5 Ne8 34. Rc3 f6+ 35. Ke6 Nc7+ 36. Kd7 Nd5 37. Rxc6 Nxe3 38. Rxf6 Nxg2
39. Ng5 Ra1 40. Ne6 Ra7+ 41. Kd6 Rf7 42. Ke5 Rxf6 43. Kxf6 Ne3 44. Nc7 Kf8 45.
d5 Nc4 46. Ke6 g5 47. d6 Nb6 48. Kf6 Nd7+ 49. Kxg5 Kg7 50. Ne6+ Kf7 51. Nd4 Kg7
52. h4 Nf6 53. Ne6+ Kf7 54. Nc5 Ng8 55. Kf5 Nh6+ 56. Ke5 Ng4+ 57. Kd5 Nf6+ 58.
Kc6 Kg6 59. Ne4 1-0

[Event "Pyramiden Cup 2015"]
[Site "Fuerth"]
[Date "2015.09.04"]
[Round "4.46"]
[White "Weber, Andreas"]
[Black "Hirn, Oskar"]
[Result "0-1"]
[WhiteElo "1776"]
[BlackElo "2212"]
[PlyCount "52"]
[EventDate "2015.??.??"]
[WhiteTeam "SC Flörsheim"]
[BlackTeam "SC NT Nürnberg"]

1. e4 d6 2. d4 Nf6 3. Nc3 g6 4. f4 Bg7 5. Nf3 O-O 6. e5 dxe5 7. fxe5 Nd5 8. Bc4
Nb6 9. Bb3 Nc6 10. a3 Bg4 11. Be3 Bxf3 12. gxf3 e6 13. Qd3 Nd5 14. Nxd5 exd5
15. O-O-O Ne7 16. h4 c6 17. h5 Re8 18. hxg6 fxg6 19. Bg5 Qd7 20. Bxe7 Rxe7 21.
f4 Rf8 22. Qg3 Ref7 23. Qh4 h5 24. Qg5 Qe6 25. Rdg1 Rxf4 26. Qxg6 Rf1+ 0-1

[Event "Pyramiden Cup 2015"]
[Site "Fuerth"]
[Date "2015.09.04"]
[Round "4.47"]
[White "Hartmann, Thomas"]
[Black "Naumann, Thomas"]
[Result "1/2-1/2"]
[WhiteElo "2039"]
[BlackElo "1760"]
[PlyCount "52"]
[EventDate "2015.??.??"]
[WhiteTeam "SC WD Ulm"]
[BlackTeam "ESV Lok Döbeln"]

1. d4 d5 2. c4 e6 3. cxd5 exd5 4. Nc3 Nf6 5. Bg5 Be7 6. Qc2 O-O 7. e3 h6 8. Bh4
c6 9. Bd3 Re8 10. Nge2 Ne4 11. Bxe7 Qxe7 12. O-O f5 13. Rae1 Nd7 14. f3 Ng5 15.
Nf4 Qf6 16. Bxf5 Nf8 17. Bxc8 Raxc8 18. Qd2 Nfe6 19. Nce2 Rc7 20. b4 a6 21. Rc1
Rce7 22. Rc3 Nf7 23. a4 Nd6 24. e4 Nc4 25. Rxc4 dxc4 26. Nxe6 Qxe6 1/2-1/2

[Event "Pyramiden Cup 2015"]
[Site "Fuerth"]
[Date "2015.09.04"]
[Round "4.48"]
[White "Wettermann, Bernd"]
[Black "Adler, Herbert"]
[Result "0-1"]
[WhiteElo "1771"]
[BlackElo "2001"]
[PlyCount "74"]
[EventDate "2015.??.??"]
[WhiteTeam "FC Konradsreuth"]
[BlackTeam "SG Büchenbach/Roth"]

1. e4 e6 2. Qe2 c5 3. Nf3 Nc6 4. c3 d5 5. exd5 Qxd5 6. g3 g6 7. Bg2 Bg7 8. O-O
Nge7 9. d4 cxd4 10. Nxd4 Nxd4 11. cxd4 Qa5 12. Bd2 Qb6 13. Bc3 O-O 14. Nd2 Bd7
15. Nf3 Bb5 16. Qe4 Bxf1 17. Rxf1 Nd5 18. Ne5 Qd6 19. Nd3 Rac8 20. Bd2 Rc4 21.
Be3 b6 22. b3 Rc3 23. Rd1 Rfc8 24. Ne1 Nxe3 25. fxe3 Bh6 26. Rd3 Qa3 27. h4 Rc1
28. h5 Rxe1+ 29. Kf2 Qc1 30. hxg6 hxg6 31. g4 Rc2+ 32. Kf3 Rg1 33. Qe5 Rgxg2
34. Qb8+ Rc8 35. Qb7 Qf1+ 36. Ke4 Rf8 37. Rc3 Bg7 0-1

[Event "Pyramiden Cup 2015"]
[Site "Fuerth"]
[Date "2015.09.04"]
[Round "4.49"]
[White "Troyke, Doreen"]
[Black "Navratil, Robert"]
[Result "1/2-1/2"]
[WhiteElo "2074"]
[BlackElo "2121"]
[PlyCount "30"]
[EventDate "2015.??.??"]
[WhiteTeam "Erfurter SK"]
[BlackTeam "ASK Salzburg"]

1. c4 e5 2. g3 Nf6 3. Bg2 d5 4. cxd5 Nxd5 5. Nc3 Nb6 6. Nf3 Nc6 7. O-O Be7 8.
a3 g5 9. d4 exd4 10. Nb5 O-O 11. Nbxd4 Nxd4 12. Nxd4 Qd6 13. Nb5 Qxd1 14. Rxd1
c6 15. Nc3 g4 1/2-1/2

[Event "Pyramiden Cup 2015"]
[Site "Fuerth"]
[Date "2015.09.04"]
[Round "4.50"]
[White "Hoffmann, Sebastian"]
[Black "Cordts, Elof"]
[Result "1-0"]
[WhiteElo "1860"]
[BlackElo "1787"]
[PlyCount "65"]
[EventDate "2015.??.??"]
[WhiteTeam "SC NT Nürnberg"]
[BlackTeam "SC Erlangen"]

1. e4 c5 2. c3 d6 3. d4 cxd4 4. cxd4 Nf6 5. Nc3 e6 6. Nf3 Be7 7. Bd3 O-O 8. O-O
Nc6 9. Qc2 Nb4 10. Qe2 Nxd3 11. Qxd3 a6 12. Nd2 b5 13. f4 Bb7 14. e5 Nd5 15.
Nxd5 Bxd5 16. Qg3 f5 17. Nf3 Rc8 18. Re1 Rc2 19. b3 Qa8 20. Ba3 Qb8 21. Rec1
Rfc8 22. Ne1 Rxc1 23. Rxc1 Rxc1 24. Bxc1 Qc7 25. Ba3 dxe5 26. Bxe7 Qxe7 27.
dxe5 Qa3 28. Qc3 Qxa2 29. Qc8+ Kf7 30. Qd7+ Kg6 31. Qe8+ Kh6 32. Qd8 Qa3 33.
Qh4+ 1-0

[Event "Pyramiden Cup 2015"]
[Site "Fuerth"]
[Date "2015.09.04"]
[Round "4.51"]
[White "Leis, Stefan"]
[Black "Meyer, Nico"]
[Result "1-0"]
[WhiteElo "1998"]
[BlackElo "1437"]
[PlyCount "29"]
[EventDate "2015.??.??"]
[WhiteTeam "SC Mühlh.-Reichelsdorf"]
[BlackTeam "SC Bechhofen"]

1. d4 c5 2. e4 cxd4 3. Nf3 e5 4. c3 dxc3 5. Bc4 Qa5 6. O-O d6 7. Qb3 Qc7 8.
Nxc3 Nc6 9. Nd5 Qd7 10. Bb5 Nge7 11. Ng5 Ng6 12. f4 h6 13. f5 Nh4 14. Nh3 g5
15. Nf6+ 1-0

[Event "Pyramiden Cup 2015"]
[Site "Fuerth"]
[Date "2015.09.04"]
[Round "4.52"]
[White "Weissmann, Peter"]
[Black "Koch, Christian"]
[Result "1/2-1/2"]
[WhiteElo "1795"]
[BlackElo "1925"]
[PlyCount "39"]
[EventDate "2015.??.??"]
[WhiteTeam "SK Zirndorf"]
[BlackTeam "SC Höchstadt/Aisch"]

1. e4 d6 2. d4 Nf6 3. Nc3 g6 4. Be2 Bg7 5. h4 Nbd7 6. h5 gxh5 7. Bxh5 Nxh5 8.
Rxh5 c5 9. Nge2 Nf6 10. Rh1 Bd7 11. Bh6 Rg8 12. Bxg7 Rxg7 13. e5 dxe5 14. dxe5
Ng4 15. Qd2 Nxe5 16. Qh6 Kf8 17. O-O-O Qc8 18. f3 Qc6 19. Qh5 Nc4 20. Ne4
1/2-1/2

[Event "Pyramiden Cup 2015"]
[Site "Fuerth"]
[Date "2015.09.04"]
[Round "4.53"]
[White "Birkmann, Guenther"]
[Black "Oberley, Karl-Heinz"]
[Result "1-0"]
[WhiteElo "2054"]
[BlackElo "1143"]
[PlyCount "44"]
[EventDate "2015.??.??"]
[WhiteTeam "SK Zirndorf"]
[BlackTeam "SK Ingolstadt"]

1. Nf3 Nf6 2. c4 d5 3. cxd5 Nxd5 4. d4 Nc6 5. e4 Nb6 6. d5 Nb8 7. Nc3 e6 8. Bf4
Bb4 9. Bb5+ c6 10. dxc6 Bxc3+ 11. bxc3 O-O 12. Qxd8 Rxd8 13. c7 Rf8 14. cxb8=Q
Rxb8 15. Bxb8 a6 16. Be2 Bd7 17. Ba7 Na4 18. Bd4 b5 19. Ne5 Bc8 20. c4 f6 21.
Nc6 Kh8 22. cxb5 axb5 1-0